Policy for open and distance learning

Guardat en:
Dades bibliogràfiques
Format: Llibre
Idioma:anglès
Publicat: Routledge Falmer 2004.
Etiquetes: Afegir etiqueta
Sense etiquetes, Sigues el primer a etiquetar aquest registre!

MARC

LEADER 00000nam a22000007a 4500
008 211028b ||||| |||| 00| 0 eng d
020 |a 0415263069 
245 |a Policy for open and distance learning  |c edited by Hilary Perraton and Helen Lentell.  |g xiv, 267 p. 
250 |c Perraton, H. D. and Lentell, Helen, 1951- 
260 |b Routledge Falmer  |c 2004.  |h London  |i 650106  |i 650107  |l LC 5800 .P76  |m Distance education--Cross-cultural studies.  |m Open learning--Cross-cultural studies.  |m Educational planning--Cross-cultural studies. 
500 |a Includes bibliographical references and index. 
942 |a lcc  |c BK  |e Adeyeye Y. S.  |f 28/10/21 
952 |0 0  |1 0  |2 lcc  |4 0  |6 LC5800 P76  |7 0  |9 3714  |a HOL  |b HOL  |c LP  |d 2021-10-28  |l 0  |o LC 5800 .P76  |p 2021-67449  |r 2021-10-28 00:00:00  |w 2021-10-28  |y BK 
952 |0 0  |1 0  |2 lcc  |4 0  |7 0  |9 3715  |a HOL  |b ED  |c LP  |d 2021-10-28  |o LC 5800 .P76  |p 2021-67450  |r 2021-10-28 00:00:00  |w 2021-10-28  |y BK 
999 |c 1850  |d 1850